000 00388pab a2200157 454500
008 180718b2014 xxu||||| |||| 00| 0 eng d
100 _aAneesh, K.A.
245 _aImpact of FDI on food supply chain in India
260 _c2014
300 _ap.22-30.
362 _aSep
650 _aFood supply - India
650 _aForeign investment
773 _aThird Concept
909 _a114084
999 _c114078
_d114078